| 000 | 00413pab a2200157 454500 | ||
|---|---|---|---|
| 008 | 180718b1997 xxu||||| |||| 00| 0 eng d | ||
| 100 | _aTham Siew-Yean | ||
| 245 | _aSources of growth of the Malaysian manufacturing sector | ||
| 260 | _c1997 | ||
| 300 | _ap.40-58 | ||
| 362 | _aApr | ||
| 650 | _aManufacturing industry | ||
| 650 | _aIndustrial development | ||
| 773 | _aAsian Economic Review | ||
| 909 | _a35296 | ||
| 999 |
_c35296 _d35296 |
||